00505nam a2200157 a 450000100060000000300090000600800410001502000150005604000280007108200190009910000700011824500700018826000460025830000100030465000330031420156CO-ViMGA141112s2004 ck r 000 u spa d a9589478107 aCO-ViMGAbspacCO-ViMGA04a301.9861 C656g1 aColombia. Presidencia de la Republica. Red de gestores sociales, 10aGuía de comunicación para la gestión y el desarrollo social aBogotá : bFundación Cultural, c2005 a151 p14aDESARROLLO SOCIAL - COLOMBIA